| 000 | 00000nam 2200000zi 4500 |
| 001 | 9.898644 |
| 003 | CaOODSP |
| 005 | 20250411164315 |
| 006 | m o d f |
| 007 | cr |n||||||||| |
| 008 | 210413s1970 oncb ob f000 0 fre d |
| 040 | |aCaOODSP|bfre|erda|cCaOODSP |
| 043 | |an-cn-qu |
| 086 | 1 |aRE22-77/1970F-PDF |
| 100 | 1 |aChance, Norman A. |q(Norman Allee), |d1927- |eauteur. |
| 245 | 14|aLes Cris du Québec : |bétude du développement chez les Cris / |cNorman A. Chance. |
| 264 | 1|a[Ottawa] : |bExpansion économique régionale Canada = Regional Economic Expansion Canada, |c[1970?] |
| 300 | |a1 ressource en ligne (125 pages) : |bcarte |
| 336 | |atexte|btxt|2rdacontent/fre |
| 337 | |ainformatique|bc|2rdamedia/fre |
| 338 | |aressource en ligne|bcr|2rdacarrier/fre |
| 500 | |aÉdition numérisée de l'imprimé [par Innovation, Sciences et Développement économique Canada]. |
| 500 | |a« Projet ARDA No. 34002. » |
| 504 | |aComprend des références bibliographiques (pages 123-125). |
| 650 | 6|aCris (Premières Nations)|xAcculturation|zQuébec (Province) |
| 650 | 0|aCree|xCultural assimilation|zQuébec (Province) |
| 710 | 1 |aCanada. |bMinistère de l'expansion économique régionale, |eorganisme de publication. |
| 856 | 40|qPDF|s3.86 Mo|uhttps://publications.gc.ca/collections/collection_2024/isde-ised/re22/RE22-77-1970-fra.pdf |